| 000 | 00599nam a22001697a 4500 | ||
|---|---|---|---|
| 005 | 20120424122952.0 | ||
| 020 |
_a0408706767 _c00.00 |
||
| 035 | _aA-231312 | ||
| 037 |
_aDPL _bENG |
||
| 100 |
_aMulholland, H. _945658 |
||
| 245 |
_aFundamentals of statistics / _cby H. Mulholland and C.R. Jones |
||
| 260 |
_aLondon _bThe English Language Book Society _c1983 |
||
| 300 |
_av, 291p. _c18 cms. |
||
| 700 |
_aJones, C.R. _945659 |
||
| 942 |
_2ddc _cEN _h310 _mMUL |
||
| 999 |
_c65543 _d65543 |
||